000 00873nam a2200289Ia 4500
003 OSt
005 20220912145325.0
006 a|||||r|||| 00| 0
007 ta
008 220909b |||||||| |||| 00| 0 eng d
020 _a9780470171325 (hbd)
024 _a81044
037 _b031/08-09, 01/07/2008, N R Book Distributors
037 _cTextbook
040 _aCSL
_beng
_cCSL
041 _aeng
082 _aB2891, P8 TB
100 _aBarren E N
245 0 _aGame theory:an introduction
260 _aHoboken
_bJohn Wiley & Sons
_c2008
300 _axx,415p.
_ccm.
500 _aAppendix A-E 345-381p; Bibliographical references 409-410p; Index 411-415p
650 _a Game theory
650 _aMathematics
942 _hB2891, P8 TB
_cTB
_2CC
999 _c28946
_d28946